000 00786nam a2200205 i 4500
001 60256
003 ES-MaACL
005 20240509155846.0
007 t|
008 031104s1926 sp ||||1| spa d
100 1 _aSuquía, Federico.
_9156777
245 1 0 _aEspaña en la política internacional
_b: [algunos rasgos para la semblanza de D. Antonio Maura] / un español neutral [seud.] ; prólogo de Gabriel Maura Gamazo, Conde de la Mortera.
260 _aMadrid :
_bVoluntad,
_c1926.
300 _a248 p. ;
_c19 cm.
600 1 4 _aMaura y Montaner, Antonio,
_d1853-1925
_979224
651 4 _aEspaña-
_xPolítica exterior-
_y1902-1931.
_98422
700 1 _aMaura Gamazo, Gabriel,
_cDuque de Maura,
_d1879-1963
_979221
852 _aES-MaACL
_jF-5335
999 _c60256
_d60256